| 000 | 00525nam a22001697a 4500 | ||
|---|---|---|---|
| 008 | 160923b xxu||||| |||| 00| 0 eng d | ||
| 020 | _a1292024363 | ||
| 040 |
_aKABU _cKABU |
||
| 050 |
_aQR251.3 _b.B78 2014 C.1 |
||
| 100 | _aBruice, Paula Y. | ||
| 245 |
_aorganic chemistry _cby Paula Y. Bruice |
||
| 250 | _a7th ed. | ||
| 260 |
_aUnited state of America _bPearson education limited _c2014 |
||
| 300 | _aiii, 1338 p. | ||
| 650 |
_2Chemistry organic _vTextbooks |
||
| 942 |
_2lcc _cBK _e7th ed. _hQD251.3 _k.B78 2014 C.1 |
||
| 999 |
_c16086 _d16086 |
||